ბათუმის შოთა რუსთაველის სახელმწიფო უნივერსიტეტის ბიბლიოთეკა

Курс теории вероятностей и математической статистики для технических приложений. (ბიბ.ჩანაწერი № 38957)

000 -LEADER
fixed length control field 00785nam a2200217Ia 4500
001 - CONTROL NUMBER
control field 5407
003 - CONTROL NUMBER IDENTIFIER
control field GE_BSU
008 - FIXED-LENGTH DATA ELEMENTS--GENERAL INFORMATION
fixed length control field 181216s||||||||xx |||||||||||||| ||und||
040 ## - CATALOGING SOURCE
Transcribing agency GE_BSU
080 ## - UNIVERSAL DECIMAL CLASSIFICATION NUMBER
Universal Decimal Classification number 519.2(075.8)
100 ## - MAIN ENTRY--PERSONAL NAME
Personal name Смирнов Н.В.,Дунин-Барковский И.В.
245 ## - TITLE STATEMENT
Title Курс теории вероятностей и математической статистики для технических приложений.
245 ## - TITLE STATEMENT
Remainder of title Учеб. пособие для втузов
250 ## - EDITION STATEMENT
Edition statement изд.3-ье, стереот
260 ## - PUBLICATION, DISTRIBUTION, ETC.
Place of publication, distribution, etc. Москва
260 ## - PUBLICATION, DISTRIBUTION, ETC.
Name of publisher, distributor, etc. Наука,
260 ## - PUBLICATION, DISTRIBUTION, ETC.
Date of publication, distribution, etc. 1969
300 ## - PHYSICAL DESCRIPTION
Extent 511 с
653 ## - INDEX TERM--UNCONTROLLED
Uncontrolled term Курс теории вероятностей и математической статистики
942 ## - ADDED ENTRY ELEMENTS (KOHA)
Koha item type წიგნი
ეგზემპლარები
Withdrawn status Lost status Damaged status Not for loan Date acquired Barcode Date last seen Price effective from Koha item type
        2018-12-17 16409 2018-12-17 2018-12-17 წიგნი